|
|
|
|
| LEADER |
00000nam0a2200000 4500 |
| 001 |
9628 |
| 005 |
20231030182505.0 |
| 010 |
|
|
|a 5040022190
|
| 035 |
|
|
|a (RuTPU)RU\TPU\book\9683
|
| 035 |
|
|
|a BOOK00009745
|
| 090 |
|
|
|a 9628
|
| 100 |
|
|
|a 20011209d1999 m y0rusy50 ca
|
| 101 |
1 |
|
|a rus
|c eng
|
| 102 |
|
|
|a RU
|
| 105 |
|
|
|a y z 000ay
|
| 200 |
1 |
|
|a Орхидеи в лунном свете
|e роман
|e пер. с англ.
|f П. Хэган
|
| 210 |
|
|
|a Москва
|c ЭКСМО-Пресс
|d 1999
|
| 215 |
|
|
|a 464 с.
|
| 225 |
1 |
|
|a Кружево
|
| 610 |
1 |
|
|a роман
|
| 610 |
1 |
|
|a любовный роман
|
| 675 |
|
|
|a 82
|v 3
|
| 700 |
|
1 |
|a Хэган
|b П.
|g Патриция
|
| 801 |
|
0 |
|a RU
|b 63413507
|c 20011209
|g PSBO
|
| 801 |
|
2 |
|a RU
|b 63413507
|c 20070828
|g PSBO
|
| 942 |
|
|
|c BK
|